Piłkarze na okładkach fify. - Statystyki

Ogólne statystyki
  • Ten quiz został rozwiązany 253 razy
  • Średni wynik to 25 z 50
Statystyki odpowiedzi
Fify Piłkarz Narodowość % Poprawnych
FIFA 2018 Cristiano Ronaldo Portugal
96%
FIFA 2019 Cristiano Ronaldo Portugal
96%
FIFA 2013 Lionel Messi Argentina
94%
FIFA 2014 Lionel Messi Argentina
94%
FIFA 2015 Lionel Messi Argentina
94%
FIFA 2016 Lionel Messi Argentina
94%
FIFA 2021 Kylian Mbappé France
92%
FIFA 2022 Kylian Mbappé France
92%
FIFA 2023 Kylian Mbappé France
92%
FIFA 2024 Erling Haaland Norway
85%
FIFA 2004 Ronaldinho Brazil
77%
FIFA 2006 Ronaldinho Brazil
77%
FIFA 2007 Ronaldinho Brazil
77%
FIFA 2008 Ronaldinho Brazil
77%
FIFA 2009 Ronaldinho Brazil
77%
FIFA 2025 jude bellingham England
76%
FIFA 2015 Eden Hazard Belgian
73%
FIFA 2020 Eden Hazard Belgian
73%
FIFA 2020 Virgil van Dijk Netherlands
69%
FIFA 2006 Wayne Rooney England
66%
FIFA 2007 Wayne Rooney England
66%
FIFA 2008 Wayne Rooney England
66%
FIFA 2009 Wayne Rooney England
66%
FIFA 2010 Wayne Rooney England
66%
FIFA 2011 Wayne Rooney England
66%
FIFA 2012 Wayne Rooney England
66%
FIFA 2017 Marco Reus Germany
60%
FIFA 2011 Kaka Brazil
39%
FIFA 2002 Thierry Henry France
39%
FIFA 2004 Thiery Henry France
39%
FIFA 1998 David Beckham England
38%
FIFA 2005 Andrij Szewczenko Ukraine
34%
FIFA 2010 Frank Lampard England
33%
FIFA 2003 Ryan Giggs Wales
32%
FIFA 2001 Paul Scholes England
16%
FIFA 2003 Roberto Carlos Brazil
16%
FIFA 2003 Edgar Davids Netherlands
14%
FIFA 2004 Alessandro del Piero Italian
13%
FIFA 1994 Piotr Świerczewski Poland
10%
FIFA 1999 Dennis Bergkamp Netherlands
9%
FIFA 2005 Patrick Vieira France
7%
FIFA 2005 Fernando Morientes Spain
6%
FIFA 2012 Jack Wilshere England
5%
FIFA 2000 Sol Campbell England
4%
FIFA 2010 Theo Walcott England
4%
FIFA 1997 David Ginola France
3%
FIFA 1996 Andy Legg Wales
2%
FIFA 1994 David Platt England
2%
FIFA 1995 Erik Thorstvedt Norway
2%
FIFA 1996 Ioan Sabau Romania
2%
Nie znaleziono quizów pasujących do podanych kryteriów
Rozkład punktacji
Procent ludzi z każdym wynikiem
Percentyl według liczby udzielonych odpowiedzi
Twoja historia wyników
Nie rozwiązałeś tego quizu